Du kích Hòa Vang trong kháng chiến chống Mĩ (1954 - 1975)

Khái quát về huyện Hòa Vang - TP Đà Nẵng. Du kích Hòa Vang trong kháng chiến chống Mĩ (1954 - 1975). Ý nghĩa và một số bài học của lực lượng du kích Hòa Vang trong kháng chiến chống Mĩ (1954 - 1975)

में बचाया:
ग्रंथसूची विवरण
मुख्य लेखक: Lê, Thị Thu Hằng
अन्य लेखक: Nguyễn, Xuyên Th.S (Hướng dẫn)
स्वरूप: पुस्तक
भाषा:Vietnamese
प्रकाशित: Đại học Đà Nẵng Trường đại học Sư Phạm 2011
श्रृंखला:Khóa luận tốt nghiệp đại học. Chuyên ngành: Sư phạm Sử
विषय:
टैग : टैग जोड़ें
कोई टैग नहीं, इस रिकॉर्ड को टैग करने वाले पहले व्यक्ति बनें!
Thư viện lưu trữ: Mạng thư viện Đại học Đà Nẵng
LEADER 01589nam a2200349 4500
001 000012332
003 8626
005 20120217140255.0
008 120217s2011 viesd
041 |a vie 
072 |a Khóa luận tốt nghiệp 
082 |a 959.751092  |b LE-H 
100 |a Lê, Thị Thu Hằng 
245 |a Du kích Hòa Vang trong kháng chiến chống Mĩ (1954 - 1975)  |c Lê, Thị Thu Hằng 
260 |a Đại học Đà Nẵng  |b Trường đại học Sư Phạm  |c 2011 
300 |a 68 tr.  |b bản đồ + hình mhọa  |c 29 cm 
490 |a Khóa luận tốt nghiệp đại học. Chuyên ngành: Sư phạm Sử 
500 |a Tham khảo tr.65 - 68 + phụ lục [13 tr.] 
520 |a Khái quát về huyện Hòa Vang - TP Đà Nẵng. Du kích Hòa Vang trong kháng chiến chống Mĩ (1954 - 1975). Ý nghĩa và một số bài học của lực lượng du kích Hòa Vang trong kháng chiến chống Mĩ (1954 - 1975) 
653 |a Khóa luận tốt nghiệp đại học 
653 |a Khoa Lịch Sử 
700 |a Nguyễn, Xuyên  |c Th.S  |e Hướng dẫn 
OWN |a LSP 
AVA |a UDN50  |b LSP  |d 959.751092 LE-H  |e available  |t Error 5001 Not defined in file expand_doc_bib_avail.  |f 1  |g 0  |h N  |i 0  |k 1 
999 |a From the UDN01 
AVA |a UDN50  |b LSP  |d 959.751092 LE-H  |e available  |t Error 5001 Not defined in file expand_doc_bib_avail.  |f 1  |g 0  |h N  |i 0  |k 1 
TYP |a Monograph 
TYP |a Printed language 
980 |a Mạng thư viện Đại học Đà Nẵng